Advances in urethane science and technology /

Guardado en:
Otros Autores: Frisch, K. C. 1918-, (Editor , ed.), Reegen, S. L., (Editor , ed.)
Formato: Libro
Idioma:English
Publicado: Stamford, Conn : Technomic Pub. Co, 1971-
Materias:
Etiquetas: Agregar Etiqueta
Sin Etiquetas, Sea el primero en etiquetar este registro!
LEADER 01038nam a22002415a 4500
001 EIQ.libpla002455
008 070615s1971####ctua#####b####000#0#eng#d
005 20070615151144.0
245 0 0 |a Advances in urethane science and technology /  |c edited by K. C. Frisch and S. L. Reegen. 
260 |a Stamford, Conn :  |b Technomic Pub. Co,  |c 1971- 
300 |a v. :  |b il. ;  |c 23 cm. 
504 |a Incluye referencias bibliográficas. 
020 |a 087762156x (v. 3) 
700 1 |a Frisch, K. C.  |q (Kurt Charles),  |d 1918-,  |e ed.  |4 edt 
700 1 |a Reegen, S. L.,  |e ed.  |4 edt 
650 4 |a Polímeros  |x Poliuretanos. 
650 4 |a Polymers  |x Polyurethanes. 
040 |a AR-BbSID  |b spa  |c AR-BbSID 
859 |a AR-BbSID  |b BIB. PLAPIQUI  |h 668.42  |i Ad 95  |p 1213  |v Vol. 3  |3 Vol. 3 
859 |a AR-BbSID  |b BIB. PLAPIQUI  |h 668.42  |i Ad 95  |p 1214  |v Vol. 4  |3 Vol. 4 
859 |a AR-BbSID  |b BIB. PLAPIQUI  |h 668.42  |i Ad 95  |p 1215  |v Vol. 5  |3 Vol. 5 
859 |a AR-BbSID  |b BIB. PLAPIQUI  |h 668.42  |i Ad 95  |p 1216  |v Vol. 6  |3 Vol. 6 
859 |a AR-BbSID  |b BIB. PLAPIQUI  |h 668.42  |i Ad 95  |p 1217  |v Vol. 7  |3 Vol. 7